Statystyki dla Kraje najbliższe Wiedniu - 30 sekund sprintu

Kliknij tutaj aby rozwiązać quiz!

Ogólne statystyki

  • Ten quiz został rozwiązany 216 razy
  • Średni wynik to 9 z 20

Statystyki odpowiedzi

kmkraj% Poprawnych
212Polska
91%
194Niemcy
86%
38Słowacja
84%
58Czechy
78%
464Szwajcaria
78%
149Słowenia
69%
52Węgry
67%
275Włochy
67%
605Francja
49%
184Chorwacja
45%
519Liechtenstein
44%
318Serbia
30%
375Rumunia
28%
427Ukraina
20%
329Bośnia i
Hercegowina
18%
556San Marino
16%
657Bułgaria
13%
636Białoruś
8%
647Kosowo
5%
556Czarnogóra
4%

Rozkład punktacji

Percentyl według liczby udzielonych odpowiedzi

Procent ludzi z każdym wynikiem

Twoja historia wyników

Nie rozwiązałeś tego quizu